LEADER 03338oas 2201069 a 450 001 9910144467603321 005 20260211213013.0 011 $a1175-8783 035 $a(DE-599)ZDB2098786-9 035 $a(DE-599)2098786-9 035 $a(OCoLC)684385552 035 $a(CONSER) 2010233966 035 $a(CKB)954925469304 035 $a(EXLCZ)99954925469304 100 $a20101125a19899999 ua a 101 0 $aeng 135 $aurbn||||||abp 135 $aurbn||||||ada 181 $ctxt$2rdacontent 182 $cc$2rdamedia 183 $acr$2rdacarrier 200 00$aNew Zealand journal of crop and horticultural science 210 1$a[Wellington, N.Z.] :$c[RSNZ Publishing],$d[1989]- 210 4$dİ1989- 210 21$a[Abingdon, Oxford] :$cRoutledge, Taylor & Francis 210 31$a[Victoria] :$cJohn Wiley & Sons 215 $a1 online resource 300 $aRefereed/Peer-reviewed 300 $aAn international journal of temperate crop and horticultural science research. 311 08$a0114-0671 330 $aThe journal publishes original research papers on all aspects of production, protection, handling, and processing of crop and horticultural products. The scope includes agronomy, entomology, breeding, plant pathology, pomology, postharvest physiology, and biotechnology. Contents pages and abstracts are available; some issues are available in full-text. 517 1 $aRSNZ/NZ journal of crop and horticultural science 517 1 $aNZJC 531 0 $aN. Z. j. crop hortic. sci. 606 $aAgriculture$zNew Zealand$vPeriodicals 606 $aHorticulture$zNew Zealand$vPeriodicals 606 $aHorticultural crops$zNew Zealand$vPeriodicals 606 $aAgriculture$zNouvelle-Ze?lande$vPe?riodiques 606 $aCultures horticoles$zNouvelle-Ze?lande$vPe?riodiques 606 $aHorticulture$zNouvelle-Ze?lande$vPe?riodiques 606 $aHorticultural crops$2fast 606 $aAgriculture$2fast 606 $aHorticulture$2fast 606 $aTuinbouw$2gtt 607 $aNew Zealand$2fast$1https://id.oclc.org/worldcat/entity/E39QbtfRmXBg7mpKX7p4DJ8Kqp 608 $aPeriodicals$2fast 615 0$aAgriculture 615 0$aHorticulture 615 0$aHorticultural crops 615 6$aAgriculture 615 6$aCultures horticoles 615 6$aHorticulture 615 7$aHorticultural crops 615 7$aAgriculture 615 7$aHorticulture 615 17$aTuinbouw. 676 $a631.5099305 686 $a48.50$2bcl 712 02$aRoyal Society of New Zealand, 801 0$bOCLCE 801 1$bOCLCE 801 2$bIWA 801 2$bGUA 801 2$bUX0 801 2$bNLGGC 801 2$bOCLCQ 801 2$bOCLCO 801 2$bOCLCQ 801 2$bOCLCF 801 2$bOCLCO 801 2$bOCLCQ 801 2$bTXA 801 2$bOCLCO 801 2$bOCLCA 801 2$bNLE 801 2$bOCLCA 801 2$bOCLCQ 801 2$bAU@ 801 2$bOCLCO 801 2$bOCL 801 2$bOCLCO 801 2$bOCLCL 801 2$bOCLCQ 801 2$bDLC 801 2$bOCLCQ 801 2$bOCLCL 801 2$bOCLCO 801 2$bDLC 906 $aJOURNAL 912 $a9910144467603321 996 $aNew Zealand journal of crop and horticultural science$92410558 997 $aUNINA